00371nam a22001217a 450000500170000000800410001704100150005808200120007310000150008524500950010030000290019565000250022420240830101907.0240830b |||||||| |||| 00| 0 eng d aAfrikaans  a349 HAT lAfrikaans  aVerklarende Handwoordeboek van die Afrikaanse Taal credakteurs F.F Odendal en R.H. Gouws  bxx, 1386 pages; c26 cm. aLegal practice bLaw